000 00845nam a2200265Ia 4500
003 OSt
005 20220927110449.0
006 a|||||r|||| 00| 0
007 ta
008 220926b |||||||| |||| 00| 0 eng d
024 _a103370
037 _cReports
040 _aRTL
_cRTL
_beng
041 _2eng
_aeng
082 _a"z.236.N56t5s, J8"
110 _a"Punjab, Economic And Statistical Organisation"
_9351088
245 0 _a"Second five year plan of Punjab, basic statistics"
260 _aChandigarh
_bController Printing & Stationery
_c1958
300 _a58p.
_ccm.
490 _a"Economic And Statistcial Organisation Punjab,20"
650 _aGeneralia
700 _a"Punjab, Economic And Statistical Organisation"
_9351089
942 _h"z.236.N56t5s, J8"
_cCC
999 _c696835
_d696835